000
00365nam a22001457a 4500
005
20251210151441.0
008
251210b |||||||| |||| 00| 0 eng d
037
_c
TB
040
_a
AL
_c
AL
041
_2
ARB
_a
ARB
100
_a
Abdul Hayi
_9
855778
245
_a
Al-sultanah wa al-surah
942
_2
CC
_c
TB
_n
0
999
_c
1466151
_d
1466151